000 01336nam a2200325Ia 4500
001 ebr10437731
003 CaPaEBR
006 m u
007 cr cn|||||||||
008 050525s2007 enkab sb 001 0 eng d
020 _z1861977743
020 _z9781861977748
040 _aCaPaEBR
_cCaPaEBR
035 _a(OCoLC)666952864
050 1 4 _aD764.3.M6
_bB73 2007eb
082 0 4 _a940.534731
_222
100 1 _aBraithwaite, Rodric,
_d1932-
245 1 0 _aMoscow 1941
_h[electronic resource] :
_ba city and its people at war /
_cRodric Braithwaite.
250 _aRev. and updated ed.
260 _aLondon :
_bProfile Books Ltd.,
_c2007.
300 _axiii, 446, [32] p. :
_bill., maps.
504 _aIncludes bibliographical references and index.
533 _aElectronic reproduction.
_bPalo Alto, Calif. :
_cebrary,
_d2011.
_nAvailable via World Wide Web.
_nAccess may be limited to ebrary affiliated libraries.
650 0 _aMoscow, Battle of, Moscow, Russia, 1941-1942.
650 0 _aWorld War, 1939-1945
_xCampaigns
_zRussia (Federation)
_zMoscow.
650 0 _aWorld War, 1939-1945
_zRussia (Federation)
_zMoscow.
655 7 _aElectronic books.
_2local
710 2 _aebrary, Inc.
856 4 0 _uhttp://site.ebrary.com/lib/rucke/Doc?id=10437731
_zAn electronic book accessible through the World Wide Web; click to view
999 _c133594
_d133594